Vplyv súčasnej monetárnej politiky ECB na európske dlhopisové trhy bakalárska práca

Guardado en:
Detalles Bibliográficos
Autor principal: Brecko, Lukáš
Autor Corporativo: Podnikovohospodárska fakulta EU so sídlom v Košiciach. Katedra ekonómie
Otros Autores: Verner, Robert, 1986-
Formato: Libro
Lenguaje:eslovaco
Publicado: Košice 2017
Etiquetas: Agregar Etiqueta
Sin Etiquetas, Sea el primero en etiquetar este registro!

MARC

LEADER 00000nbm a2200000 4500
001 0256350
005 20240827093204.0
041 0 |a slo 
044 |a SK 
245 1 0 |a Vplyv súčasnej monetárnej politiky ECB na európske dlhopisové trhy  |b bakalárska práca  |c Lukáš Brecko ; školiteľ: Robert Verner 
264 1 |a Košice  |c 2017 
300 |a 46 s. 
100 1 |a Brecko, Lukáš 
700 1 |a Verner, Robert, 1986- 
710 2 |a Podnikovohospodárska fakulta EU so sídlom v Košiciach. Katedra ekonómie